V ateliéri výtvarného fotografa

Bibliographic Details
Main Author: Janek, Miroslav (Author)
Format: Article
Language:Slovak
Subjects:

MARC

LEADER 00000nab a2200000 ar4500
001 vtls009329253
003 SK-MaSNL
005 20260303171459.0
008 080903c1976 xo |r|p|||||||000 b|slo
015 |a SNBRB1976 
038 |a SNKBUCL 
040 |a SNKBUCL  |b slo  |c SNKBUCL  |e AACR2 
041 |a slo 
044 |a xo  |c SK 
080 |a 77.04-051  |2 1997 
100 1 |a Janek, Miroslav  |4 aut  |9 361291 
245 1 0 |a V ateliéri výtvarného fotografa  |c Miroslav Janek 
600 1 7 |a Kállay, Karol,  |d 1926-2012  |2 snkbucl  |9 93736 
650 0 7 |a umelecká fotografia  |2 snkbucl  |9 29370 
773 0 |t Matičné čítanie  |g Roč. 9, č. 9 (1976), s. 4 
852 |a SNK  |b KIS3GCP 
958 |a BX 
999 |c 2081696  |d 2083626